[Event "POL-ch Rapid"]
[Site "Lublin"]
[Date "2024.10.05"]
[Round "3"]
[White "Czerwonski, Aleksander"]
[Black "Moczulski, Michal"]
[Result "1-0"]
[WhiteElo "2293"]
[BlackElo "1977"]
[PlyCount "115"]
[EventDate "2024.10.05"]
[EventType "swiss (rapid)"]
[EventRounds "9"]
[EventCountry "POL"]
[SourceTitle "CB45_2024"]
[Source "ChessBase"]
[SourceDate "2024.11.06"]
[SourceVersion "1"]
[SourceVersionDate "2024.11.06"]
[SourceQuality "1"]

1. d4 Nf6 2. c4 e6 3. Nf3 b6 4. g3 Bb4+ 5. Bd2 a5 6. Bg2 Bb7 7. Nc3 0-0 8. 0-0 Bxc3 9. Bxc3 d6 10. Rc1 Nbd7 11. b3 Be4 12. Bh3 Qe7 13. Nd2 Bb7 14. Qc2 Rae8 15. e4 e5 16. d5 Nc5 17. a3 Ra8 18. b4 Ncd7 19. bxa5 bxa5 20. Nb3 a4 21. Na5 Nc5 22. Rfe1 Ba6 23. Bb4 Bc8 24. Nc6 Qe8 25. Bxc8 Rxc8 26. Bxc5 dxc5 27. Qxa4 Ra8 28. Qb3 Qd7 29. Nxe5 Qh3 30. Qf3 Rfe8 31. Nd3 Rxa3 32. Rcd1 Rc3 33. e5 Ng4 34. Qg2 Qxg2+ 35. Kxg2 f6 36. e6 Rxc4 37. h3 Nh6 38. g4 Kf8 39. Rc1 Rd4 40. Nxc5 Rxd5 41. Nd7+ Ke7 42. Rxc7 Kd6 43. Ra7 Re5 44. Nxe5 fxe5 45. Rxg7 Rxe6 46. Rd1+ Kc5 47. Rxh7 e4 48. Rc7+ Kb6 49. Rc3 e3 50. Rb1+ Ka7 51. Ra3+ Ra6 52. Rxa6+ Kxa6 53. fxe3 Nf7 54. h4 Ne5 55. Kg3 Ka5 56. h5 Ka4 57. g5 Ka3 58. g6 1-0

[Event "POL-ch Rapid"]
[Site "Lublin"]
[Date "2024.10.05"]
[Round "1"]
[White "Czerwonski, Aleksander"]
[Black "Owczarek, Hanna"]
[Result "1-0"]
[WhiteElo "2293"]
[BlackElo "1806"]
[PlyCount "50"]
[EventDate "2024.10.05"]
[EventType "swiss (rapid)"]
[EventRounds "9"]
[EventCountry "POL"]
[SourceTitle "CB45_2024"]
[Source "ChessBase"]
[SourceDate "2024.11.06"]
[SourceVersion "1"]
[SourceVersionDate "2024.11.06"]
[SourceQuality "1"]

1. d4 Nf6 2. c4 g6 3. Nc3 Bg7 4. e4 d6 5. f3 0-0 6. Bg5 c5 7. d5 Nbd7 8. Nh3 a6 9. a4 Qb6 10. Qd2 Qb4 11. Nf2 Ne5 12. a5 Bd7 13. Nd3 Nxd3+ 14. Bxd3 b6 15. axb6 Qxb6 16. 0-0 Rfb8 17. Ra2 Kf8 18. Rfa1 Ne8 19. h4 Nc7 20. h5 a5 21. Qf4 Be5 22. Qh4 Re8 23. hxg6 hxg6 24. Qh7 Ne6 25. Bh6+ Bg7 1-0

[Event "POL-ch Rapid"]
[Site "Lublin"]
[Date "2024.10.05"]
[Round "2"]
[White "Gora, Antoni"]
[Black "Czerwonski, Aleksander"]
[Result "0-1"]
[WhiteElo "1662"]
[BlackElo "2293"]
[PlyCount "58"]
[EventDate "2024.10.05"]
[EventType "swiss (rapid)"]
[EventRounds "9"]
[EventCountry "POL"]
[SourceTitle "CB45_2024"]
[Source "ChessBase"]
[SourceDate "2024.11.06"]
[SourceVersion "1"]
[SourceVersionDate "2024.11.06"]
[SourceQuality "1"]

1. e4 e5 2. Nf3 Nc6 3. Bb5 a6 4. Ba4 Nf6 5. 0-0 Be7 6. Re1 b5 7. Bb3 d6 8. d3 0-0 9. Nbd2 Na5 10. c3 Nxb3 11. axb3 c5 12. Nf1 Re8 13. d4 cxd4 14. cxd4 d5 15. dxe5 Nxe4 16. Ne3 Bc5 17. Qd3 Bb7 18. Bd2 Nxd2 19. Qxd2 d4 20. Ng4 Bxf3 21. gxf3 Re6 22. Kh1 Rg6 23. e6 Rxe6 24. Rxe6 fxe6 25. Re1 Qd5 26. Qd3 Bd6 27. Rg1 Rf8 28. Nh6+ Kh8 29. Rg3 Bxg3 0-1

[Event "POL-ch Rapid"]
[Site "Lublin"]
[Date "2024.10.05"]
[Round "6"]
[White "Rogowski, Jaroslaw"]
[Black "Czerwonski, Aleksander"]
[Result "1-0"]
[WhiteElo "2075"]
[BlackElo "2293"]
[PlyCount "119"]
[EventDate "2024.10.05"]
[EventType "swiss (rapid)"]
[EventRounds "9"]
[EventCountry "POL"]
[SourceTitle "CB45_2024"]
[Source "ChessBase"]
[SourceDate "2024.11.06"]
[SourceVersion "1"]
[SourceVersionDate "2024.11.06"]
[SourceQuality "1"]

1. Nf3 d5 2. g3 Nf6 3. Bg2 e6 4. 0-0 b6 5. c4 Be7 6. d4 0-0 7. cxd5 exd5 8. Nc3 Bb7 9. Bf4 a5 10. Rc1 Na6 11. Ne5 c5 12. Qa4 Rc8 13. Rfd1 Bd6 14. dxc5 Nxc5 15. Qd4 Ne6 16. Qd2 Bb4 17. a3 Bxc3 18. Rxc3 Rxc3 19. Qxc3 d4 20. Qd3 Bxg2 21. Kxg2 Qd5+ 22. Qf3 Qb5 23. Rd2 Nd5 24. Nd3 Ne7 25. Bd6 Qd7 26. Bxe7 Qxe7 27. Qc6 Qd8 28. f4 h6 29. Ne5 Re8 30. Nd7 Re7 31. Nxb6 Rc7 32. Qd5 Qb8 33. Qa8 Qxa8+ 34. Nxa8 Rc6 35. f5 Ng5 36. Rxd4 Rc2 37. h4 Nh7 38. Rd8+ Nf8 39. Nb6 Rxe2+ 40. Kf3 Re7 41. Nc4 g6 42. fxg6 fxg6 43. Nxa5 Kg7 44. b4 Ne6 45. Rd5 Nc7 46. Rc5 Ne6 47. Rc4 Nc7 48. Nc6 Rf7+ 49. Rf4 Rd7 50. Ne5 Re7 51. Ke4 Nb5 52. Rf3 Nd6+ 53. Kd5 Nc8 54. b5 Nb6+ 55. Kd4 Ra7 56. Kc5 Na4+ 57. Kc6 Re7 58. Nc4 Re4 59. Nd6 Rd4 60. Rf4 1-0

[Event "Titled Tuesday intern op 20th Aug Early"]
[Site "Chess.com INT"]
[Date "2024.08.20"]
[Round "2"]
[White "Alonso Orta, Osiel Alberto"]
[Black "Czerwonski, Aleksander"]
[Result "0-1"]
[WhiteElo "2036"]
[BlackElo "2293"]
[PlyCount "76"]
[EventDate "2024.08.20"]
[EventType "swiss (blitz)"]
[EventRounds "11"]
[EventCountry "USA"]
[SourceTitle "EXT 2025"]
[Source "ChessBase"]
[SourceDate "2024.10.14"]
[SourceVersion "1"]
[SourceVersionDate "2024.10.14"]
[SourceQuality "1"]

1. e4 e5 2. Nf3 Nc6 3. Bb5 a6 4. Ba4 Nf6 5. 0-0 Be7 6. Re1 b5 7. Bb3 d6 8. c3 0-0 9. h3 Na5 10. Bc2 c5 11. d4 cxd4 12. cxd4 Nc6 13. a3 exd4 14. Nxd4 Nxd4 15. Qxd4 Bb7 16. Nc3 Rc8 17. Bg5 Nd7 18. Bxe7 Qxe7 19. Rad1 Ne5 20. f4 Nc4 21. Nd5 Bxd5 22. exd5 Qh4 23. Bf5 Rfe8 24. Re4 Rxe4 25. Qxe4 Rf8 26. b3 Nxa3 27. Ra1 b4 28. Qxb4 Nb5 29. Rxa6 Nc7 30. Rxd6 g6 31. Bg4 Qe7 32. Qc5 Na6 33. Qc6 Qe3+ 34. Kh1 Nb4 35. Qc4 Nd3 36. Kh2 Nxf4 37. Bf3 Nd3 38. Rc6 Qe5+ 0-1

[Event "Titled Tuesday intern op 09th Apr Early"]
[Site "Chess.com INT"]
[Date "2024.04.09"]
[Round "3"]
[White "Czerwonski, Aleksander"]
[Black "Gandhi, Shyam"]
[Result "1-0"]
[WhiteElo "2299"]
[BlackElo "1908"]
[PlyCount "70"]
[EventDate "2024.04.09"]
[EventType "swiss (blitz)"]
[EventRounds "11"]
[EventCountry "USA"]
[SourceTitle "EXT 2025"]
[Source "ChessBase"]
[SourceDate "2024.10.14"]
[SourceVersion "1"]
[SourceVersionDate "2024.10.14"]
[SourceQuality "1"]

1. d4 Nf6 2. c4 e5 3. dxe5 Ng4 4. Bf4 Nc6 5. Nf3 Bb4+ 6. Nbd2 Qe7 7. e3 Ncxe5 8. Nxe5 Nxe5 9. Be2 d6 10. 0-0 0-0 11. Nb3 Be6 12. a3 Nxc4 13. Bxc4 Bxc4 14. axb4 Bxf1 15. Qxf1 a6 16. Qc4 Rac8 17. h3 Qe6 18. Rc1 Rfe8 19. Na5 Qxc4 20. Rxc4 b6 21. Nc6 Re6 22. f3 Kf8 23. Kf2 Ra8 24. Nd4 Re7 25. Nf5 Rd7 26. Rxc7 Rxc7 27. Bxd6+ Kg8 28. Bxc7 g6 29. Nd6 Kg7 30. Bxb6 Rd8 31. Bc5 Kf6 32. e4 Ke6 33. Ke3 Kd7 34. Kd4 Kc6 35. Kc4 h6 1-0

[Event "Titled Tuesday intern op 26th Mar Early"]
[Site "Chess.com INT"]
[Date "2024.03.26"]
[Round "11"]
[White "Cacheiro Blanco, Diego"]
[Black "Czerwonski, Aleksander"]
[Result "1-0"]
[WhiteElo "2333"]
[BlackElo "2299"]
[PlyCount "93"]
[EventDate "2024.03.26"]
[EventType "swiss (blitz)"]
[EventRounds "11"]
[EventCountry "USA"]
[SourceTitle "EXT 2025"]
[Source "ChessBase"]
[SourceDate "2024.10.14"]
[SourceVersion "1"]
[SourceVersionDate "2024.10.14"]
[SourceQuality "1"]

1. e4 d6 2. d4 Nf6 3. Nc3 g6 4. Nf3 Bg7 5. Be2 0-0 6. 0-0 Nc6 7. d5 Nb8 8. Be3 c6 9. a4 Nbd7 10. a5 cxd5 11. exd5 Nc5 12. b4 Nfe4 13. Nxe4 Nxe4 14. Bd4 Nc3 15. Qd2 Nxe2+ 16. Qxe2 Bg4 17. Bxg7 Kxg7 18. Rac1 Qd7 19. h3 Bxf3 20. Qxf3 Qb5 21. Qb3 Rac8 22. c4 Qd7 23. Rfe1 Rfe8 24. Re4 Qf5 25. Rce1 Rc7 26. Qb2+ Qf6 27. Qxf6+ Kxf6 28. Rf4+ Kg7 29. Rfe4 Kf6 30. Kf1 Rec8 31. Rf4+ Kg7 32. Rc1 f5 33. Ke2 b5 34. axb6 axb6 35. Rd4 b5 36. Kd2 bxc4 37. Re1 c3+ 38. Kc2 Kf7 39. Re3 Rc4 40. Red3 Kf6 41. f4 R4c7 42. Re3 Ra7 43. Rxc3 Ra2+ 44. Kb3 Rxc3+ 45. Kxc3 Rxg2 46. b5 Rg3+ 47. Rd3 1-0

[Event "Titled Tuesday intern op 26th Mar Early"]
[Site "Chess.com INT"]
[Date "2024.03.26"]
[Round "3"]
[White "Czerwonski, Aleksander"]
[Black "Saim, Mohamed Ilias"]
[Result "1-0"]
[WhiteElo "2299"]
[BlackElo "2169"]
[PlyCount "75"]
[EventDate "2024.03.26"]
[EventType "swiss (blitz)"]
[EventRounds "11"]
[EventCountry "USA"]
[SourceTitle "EXT 2025"]
[Source "ChessBase"]
[SourceDate "2024.10.14"]
[SourceVersion "1"]
[SourceVersionDate "2024.10.14"]
[SourceQuality "1"]

1. d4 d5 2. c4 e6 3. Nf3 Nf6 4. Bg5 Nbd7 5. cxd5 exd5 6. e3 Be7 7. Nc3 h6 8. Bf4 c6 9. Qc2 0-0 10. Bd3 Re8 11. 0-0 Nf8 12. h3 Ne6 13. Bh2 Bd7 14. Ne5 Rc8 15. Bf5 Nf8 16. Nxd7 N8xd7 17. Rab1 b6 18. b4 c5 19. bxc5 bxc5 20. Nb5 cxd4 21. Bc7 a6 22. Bxd8 Rxc2 23. Bxe7 Rxa2 24. Bxf6 Nxf6 25. Nxd4 g6 26. Bd3 a5 27. Ra1 Rd2 28. Rfd1 Rxd1+ 29. Rxd1 Rc8 30. Ra1 Rc3 31. Bc2 Rc5 32. Kf1 Kg7 33. Ke2 Nd7 34. Kd2 Nb6 35. Bd3 a4 36. Rb1 Nd7 37. Rb7 Ne5 38. Ne6+ 1-0

[Event "Titled Tuesday intern op 26th Mar Early"]
[Site "Chess.com INT"]
[Date "2024.03.26"]
[Round "4"]
[White "Czerwonski, Aleksander"]
[Black "Ventura Bolet, Maxim"]
[Result "0-1"]
[WhiteElo "2299"]
[BlackElo "2247"]
[PlyCount "54"]
[EventDate "2024.03.26"]
[EventType "swiss (blitz)"]
[EventRounds "11"]
[EventCountry "USA"]
[SourceTitle "EXT 2025"]
[Source "ChessBase"]
[SourceDate "2024.10.14"]
[SourceVersion "1"]
[SourceVersionDate "2024.10.14"]
[SourceQuality "1"]

1. d4 Nf6 2. c4 d6 3. Nc3 Nbd7 4. e4 e5 5. Nf3 g6 6. Be3 Bg7 7. h3 0-0 8. d5 Nc5 9. Nd2 Nh5 10. g3 a5 11. Be2 Nf6 12. Qc2 Bd7 13. 0-0-0 Ne8 14. g4 f5 15. gxf5 gxf5 16. Bxc5 dxc5 17. exf5 Bxf5 18. Bd3 Nd6 19. Rhg1 Kh8 20. Nde4 Bxe4 21. Nxe4 Qh4 22. Rg3 Rf4 23. Nxd6 cxd6 24. Rdg1 Bh6 25. Kb1 e4 26. Rg4 exd3 27. Qc3+ Qf6 0-1

[Event "Titled Tuesday intern op 26th Mar Early"]
[Site "Chess.com INT"]
[Date "2024.03.26"]
[Round "7"]
[White "Farberov, Maxim"]
[Black "Czerwonski, Aleksander"]
[Result "1-0"]
[WhiteElo "1975"]
[BlackElo "2299"]
[PlyCount "99"]
[EventDate "2024.03.26"]
[EventType "swiss (blitz)"]
[EventRounds "11"]
[EventCountry "USA"]
[SourceTitle "EXT 2025"]
[Source "ChessBase"]
[SourceDate "2024.10.14"]
[SourceVersion "1"]
[SourceVersionDate "2024.10.14"]
[SourceQuality "1"]

1. e4 d6 2. d4 Nf6 3. Nc3 g6 4. Be3 c6 5. h3 Bg7 6. f4 b5 7. a3 0-0 8. Bd3 Nbd7 9. Nf3 e5 10. 0-0 Nh5 11. fxe5 dxe5 12. d5 cxd5 13. Nxd5 a6 14. c4 Nf4 15. Nxf4 exf4 16. Bxf4 Bxb2 17. Ra2 Bg7 18. cxb5 axb5 19. Kh1 Qb6 20. Qe1 b4 21. e5 bxa3 22. Be4 Ra4 23. Qe3 Qxe3 24. Bxe3 Rxe4 25. Rxa3 Nxe5 26. Ng5 Rc4 27. Ra8 Bf5 28. Rxf8+ Bxf8 29. Bf4 Bg7 30. Re1 Rc5 31. Bh2 h6 32. Ne4 Bxe4 33. Rxe4 Rc1+ 34. Bg1 Nd3 35. Kh2 Ne1 36. Be3 Rb1 37. Re8+ Kh7 38. Re7 Kg8 39. Re8+ Kh7 40. Re7 Nc2 41. Bf4 Rf1 42. Bg3 Nd4 43. Rd7 Nf5 44. Bb8 Kg8 45. Rd8+ Bf8 46. Bc7 Rf2 47. Bb6 Rc2 48. Ba5 Kg7 49. Bb6 Bd6+ 50. Kg1 1-0

[Event "Titled Tuesday intern op 26th Mar Early"]
[Site "Chess.com INT"]
[Date "2024.03.26"]
[Round "2"]
[White "Lehtosaari, Mauri"]
[Black "Czerwonski, Aleksander"]
[Result "1-0"]
[WhiteElo "2141"]
[BlackElo "2299"]
[PlyCount "69"]
[EventDate "2024.03.26"]
[EventType "swiss (blitz)"]
[EventRounds "11"]
[EventCountry "USA"]
[SourceTitle "EXT 2025"]
[Source "ChessBase"]
[SourceDate "2024.10.14"]
[SourceVersion "1"]
[SourceVersionDate "2024.10.14"]
[SourceQuality "1"]

1. d4 d6 2. c4 e5 3. Nf3 Nd7 4. g3 Ngf6 5. Bg2 g6 6. 0-0 Bg7 7. Nc3 0-0 8. Bg5 h6 9. Bxf6 Qxf6 10. e3 c6 11. h3 exd4 12. Nxd4 Nc5 13. Nde2 Re8 14. b4 Ne6 15. b5 Bd7 16. Qxd6 Red8 17. Qa3 a6 18. bxc6 Bxc6 19. Bxc6 bxc6 20. Rad1 Qf5 21. Kg2 Ng5 22. Nf4 Bxc3 23. Qxc3 Rxd1 24. Rxd1 Qe4+ 25. Kf1 Qh1+ 26. Ke2 Qf3+ 27. Ke1 Ne4 28. Qc2 Re8 29. Rd4 Nxg3 30. Qd1 Qh1+ 31. Kd2 Ne4+ 32. Kc2 Qxd1+ 33. Rxd1 Nxf2 34. Rd7 Rxe3 35. Rd8+ 1-0

[Event "Titled Tuesday intern op 06th Feb Early"]
[Site "Chess.com INT"]
[Date "2024.02.06"]
[Round "11"]
[White "Czerwonski, Aleksander"]
[Black "Soderstrom, Adrian"]
[Result "1-0"]
[WhiteElo "2299"]
[BlackElo "2307"]
[PlyCount "127"]
[EventDate "2024.02.06"]
[EventType "swiss (blitz)"]
[EventRounds "11"]
[EventCountry "USA"]
[SourceTitle "CBM 218 Extra"]
[Source "ChessBase"]
[SourceDate "2024.03.31"]
[SourceVersion "1"]
[SourceVersionDate "2024.03.31"]
[SourceQuality "1"]

1. d4 Nf6 2. c4 a6 3. Nf3 c5 4. d5 b5 5. g3 e6 6. Bg2 exd5 7. cxd5 Bb7 8. e4 d6 9. 0-0 Nbd7 10. Nh4 g6 11. a4 Bg7 12. Qe2 0-0 13. axb5 axb5 14. Rxa8 Qxa8 15. Bf4 Re8 16. Bxd6 Bxd5 17. Qxb5 Bxe4 18. Nc3 Bxg2 19. Nxg2 Ne5 20. Bxe5 Rxe5 21. Nf4 g5 22. Nd3 Re8 23. Qxc5 Qf3 24. Ne5 Qh5 25. Kg2 g4 26. Nd3 Qh3+ 27. Kg1 Qh6 28. Nf4 Bf8 29. Qc6 Qg5 30. Ncd5 Nxd5 31. Qxe8 Nxf4 32. gxf4 Qxf4 33. Rd1 Kg7 34. Re1 Bd6 35. Qe4 Qxh2+ 36. Kf1 Qh3+ 37. Ke2 Qh5 38. Kf1 Qb5+ 39. Qe2 Qh5 40. Qe4 Qh3+ 41. Ke2 Bf8 42. Rh1 Qb3 43. Qxh7+ Kf6 44. Qh4+ Ke5 45. Qh8+ f6 46. Rh5+ Ke4 47. Qxf8 Qd3+ 48. Ke1 Qb1+ 49. Ke2 Qd3+ 50. Ke1 Qb1+ 51. Kd2 Qc2+ 52. Kxc2 Kf3 53. Qxf6+ Kg2 54. Rg5 Kf1 55. Rxg4 Ke2 56. Re4+ Kf1 57. f4 Kf2 58. Qf5 Kf3 59. Rc4 Ke3 60. Rc3+ Kf2 61. Qh5 Ke1 62. Qh1+ Ke2 63. Qg2+ Ke1 64. Re3# 1-0

[Event "Titled Tuesday intern op 30th Jan Early"]
[Site "Chess.com INT"]
[Date "2024.01.30"]
[Round "10"]
[White "Almedina Ortiz, Edgardo J"]
[Black "Czerwonski, Aleksander"]
[Result "0-1"]
[WhiteElo "2157"]
[BlackElo "2299"]
[PlyCount "92"]
[EventDate "2024.01.30"]
[EventType "swiss (blitz)"]
[EventRounds "11"]
[EventCountry "USA"]
[SourceTitle "EXT 2025"]
[Source "ChessBase"]
[SourceDate "2024.10.14"]
[SourceVersion "1"]
[SourceVersionDate "2024.10.14"]
[SourceQuality "1"]

1. d4 d6 2. e4 Nf6 3. Nc3 g6 4. f4 Bg7 5. Nf3 0-0 6. e5 Nfd7 7. Bc4 Nb6 8. Bb3 Nc6 9. Be3 d5 10. Qe2 Na5 11. h3 Nac4 12. 0-0-0 f6 13. g4 fxe5 14. fxe5 Nxe3 15. Qxe3 Be6 16. Kb1 Qd7 17. Rdf1 Rf7 18. Qe2 Raf8 19. Ng5 Rxf1+ 20. Rxf1 Rxf1+ 21. Qxf1 Bh6 22. Nxe6 Qxe6 23. a4 c6 24. a5 Nd7 25. Qf3 Qf7 26. Qxf7+ Kxf7 27. Nxd5 cxd5 28. Bxd5+ Ke8 29. Bxb7 Kd8 30. Be4 Bf4 31. c3 Kc7 32. Kc2 Nf8 33. Kd3 Ne6 34. b4 Ng5 35. Bg2 h5 36. gxh5 gxh5 37. h4 Nf7 38. Bf3 Bg3 39. Bxh5 Nd8 40. Bf3 Bxh4 41. d5 Bg3 42. Ke4 Be1 43. Kd4 Nf7 44. Bh5 Ng5 45. e6 Nh7 46. Bf3 Nf6 0-1

[Event "Titled Tuesday intern op 30th Jan Early"]
[Site "Chess.com INT"]
[Date "2024.01.30"]
[Round "9"]
[White "Czerwonski, Aleksander"]
[Black "Bambino Filho, Antonio Carlos"]
[Result "0-1"]
[WhiteElo "2299"]
[BlackElo "2166"]
[PlyCount "102"]
[EventDate "2024.01.30"]
[EventType "swiss (blitz)"]
[EventRounds "11"]
[EventCountry "USA"]
[SourceTitle "EXT 2025"]
[Source "ChessBase"]
[SourceDate "2024.10.14"]
[SourceVersion "1"]
[SourceVersionDate "2024.10.14"]
[SourceQuality "1"]

1. d4 Nf6 2. c4 c5 3. d5 e6 4. Nc3 exd5 5. cxd5 d6 6. Nf3 g6 7. Bg5 Bg7 8. Nd2 Nbd7 9. e3 0-0 10. Be2 a6 11. a4 Ne5 12. 0-0 h6 13. Bf4 Ne8 14. Bxe5 Bxe5 15. Nc4 Bg7 16. a5 Rb8 17. Na4 Bd7 18. Nab6 Bb5 19. Qc2 Nf6 20. Bf3 Nd7 21. Nxd7 Qxd7 22. Nb6 Qe7 23. Be2 f5 24. Rab1 Kh7 25. Bc4 f4 26. exf4 Rxf4 27. b3 Bxc4 28. bxc4 Bd4 29. Rbe1 Qf7 30. Re2 Rf8 31. g3 Rf3 32. Qe4 Rf5 33. Kg2 Re5 34. Qd3 Rfe8 35. Rxe5 Rxe5 36. Qf3 Rf5 37. Qe4 Rxf2+ 38. Rxf2 Qxf2+ 39. Kh3 Qf1+ 40. Qg2 Qf5+ 41. g4 Qd3+ 42. Qg3 Qf1+ 43. Qg2 Qf4 44. Qg3 Be5 45. Qxf4 Bxf4 46. Kg2 Bd2 47. h3 Bxa5 48. Nc8 Bc7 49. Kf3 Kg7 50. Ke4 Kf7 51. h4 Ke8 0-1

[Event "Titled Tuesday intern op 30th Jan Early"]
[Site "Chess.com INT"]
[Date "2024.01.30"]
[Round "4"]
[White "Czerwonski, Aleksander"]
[Black "Smirnov, Alexandr A"]
[Result "1/2-1/2"]
[WhiteElo "2299"]
[BlackElo "2136"]
[PlyCount "81"]
[EventDate "2024.01.30"]
[EventType "swiss (blitz)"]
[EventRounds "11"]
[EventCountry "USA"]
[SourceTitle "EXT 2025"]
[Source "ChessBase"]
[SourceDate "2024.10.14"]
[SourceVersion "1"]
[SourceVersionDate "2024.10.14"]
[SourceQuality "1"]

1. d4 Nf6 2. c4 g6 3. Nc3 Bg7 4. e4 d6 5. f3 0-0 6. Be3 c5 7. dxc5 dxc5 8. Qxd8 Rxd8 9. Bxc5 Nc6 10. Nd5 Nxd5 11. cxd5 Bxb2 12. Rb1 Bc3+ 13. Kf2 Bd4+ 14. Bxd4 Nxd4 15. Rb4 e5 16. Ne2 Nxe2 17. Bxe2 b6 18. Rc1 Bd7 19. Rc7 Kf8 20. Ba6 Ke7 21. Ke3 Kd6 22. Rc2 f5 23. a4 h5 24. Rbc4 Rab8 25. Bb5 Rbc8 26. Rxc8 Rxc8 27. Rxc8 Bxc8 28. Be8 f4+ 29. Kd3 g5 30. Kc3 h4 31. h3 Bd7 32. Bxd7 Kxd7 33. Kc4 a6 34. Kb4 Kd6 35. Kc4 Kd7 36. Kc3 Kd6 37. Kb4 Kd7 38. Kc4 Kd6 39. Kb4 Kd7 40. Kc4 Kd6 41. Kb4 1/2-1/2

[Event "Titled Tuesday intern op 30th Jan Early"]
[Site "Chess.com INT"]
[Date "2024.01.30"]
[Round "5"]
[White "Czerwonski, Aleksander"]
[Black "Tabuenca Mendataurigoitia, Daniel"]
[Result "0-1"]
[WhiteElo "2299"]
[BlackElo "2341"]
[PlyCount "98"]
[EventDate "2024.01.30"]
[EventType "swiss (blitz)"]
[EventRounds "11"]
[EventCountry "USA"]
[SourceTitle "EXT 2025"]
[Source "ChessBase"]
[SourceDate "2024.10.14"]
[SourceVersion "1"]
[SourceVersionDate "2024.10.14"]
[SourceQuality "1"]

1. d4 d6 2. c4 e5 3. Nc3 exd4 4. Qxd4 Nc6 5. Qd2 Nf6 6. g3 Be6 7. Nd5 Be7 8. Bg2 0-0 9. Nh3 Ne5 10. b3 Nxd5 11. cxd5 Bxh3 12. Bxh3 Bf6 13. Bb2 Re8 14. 0-0 c5 15. dxc6 bxc6 16. Rac1 c5 17. Rfd1 Nc6 18. Bg2 Bxb2 19. Qxb2 Rc8 20. e3 Qe7 21. Qd2 Ne5 22. Qxd6 Qxd6 23. Rxd6 c4 24. bxc4 Nxc4 25. Rd7 a5 26. Bd5 Ne5 27. Rxc8 Rxc8 28. Re7 Nd3 29. Rxf7 Kh8 30. Ra7 g6 31. Kg2 Rc2 32. Rf7 a4 33. g4 Nb4 34. Be6 Rc6 35. Re7 Rc2 36. g5 h5 37. gxh6 Nxa2 38. Bxa2 Rxa2 39. Ra7 a3 40. Kg3 Ra1 41. Kf3 a2 42. Kf4 Kg8 43. Ke5 Kh8 44. Kf6 Kg8 45. h4 Kh8 46. h7 Rh1 47. Rxa2 Rxh4 48. f4 Kxh7 49. Rg2 Rh6 0-1

[Event "Titled Tuesday intern op 30th Jan Early"]
[Site "Chess.com INT"]
[Date "2024.01.30"]
[Round "7"]
[White "Korchynskyi, Mykola"]
[Black "Czerwonski, Aleksander"]
[Result "1-0"]
[WhiteElo "2223"]
[BlackElo "2299"]
[PlyCount "143"]
[EventDate "2024.01.30"]
[EventType "swiss (blitz)"]
[EventRounds "11"]
[EventCountry "USA"]
[SourceTitle "EXT 2025"]
[Source "ChessBase"]
[SourceDate "2024.10.14"]
[SourceVersion "1"]
[SourceVersionDate "2024.10.14"]
[SourceQuality "1"]

1. d4 d6 2. c4 e5 3. Nc3 exd4 4. Qxd4 Nc6 5. Qd2 Nf6 6. b3 Be6 7. Bb2 d5 8. cxd5 Nxd5 9. e3 Bb4 10. Nf3 Nxc3 11. Bxc3 Qxd2+ 12. Bxd2 0-0-0 13. Bb5 Rd6 14. Bxc6 Bxd2+ 15. Nxd2 Rxc6 16. Ke2 Rd8 17. Rac1 Ra6 18. Rc2 Bf5 19. e4 Bg6 20. Rhc1 c6 21. f4 Re8 22. Kf3 f5 23. e5 Bf7 24. Nf1 Bd5+ 25. Kf2 Be4 26. Rd2 Rd8 27. Rcd1 Rxd2+ 28. Rxd2 c5 29. Ne3 Rc6 30. Nc4 Kc7 31. Nd6 g6 32. Ke3 a6 33. Nxe4 fxe4 34. Kxe4 b5 35. g4 c4 36. Rc2 c3 37. a3 a5 38. f5 b4 39. axb4 axb4 40. Kd5 Ra6 41. e6 Ra1 42. Kc4 gxf5 43. gxf5 Rf1 44. Kxb4 Rxf5 45. Rxc3+ Kd6 46. Re3 Rf4+ 47. Ka5 Rf8 48. b4 Ra8+ 49. Kb5 Ke7 50. Kc5 Rb8 51. b5 Rc8+ 52. Kb4 Rb8 53. Ka5 Ra8+ 54. Kb6 Rb8+ 55. Kc6 Rc8+ 56. Kb7 Rc2 57. b6 Rxh2 58. Ka7 Ra2+ 59. Kb8 h5 60. b7 h4 61. Kc8 Rc2+ 62. Kb8 Rb2 63. Rh3 Rb4 64. Kc7 Rc4+ 65. Kb6 Rb4+ 66. Kc6 Kxe6 67. Rxh4 Rxh4 68. b8Q Re4 69. Qe8+ Kf5 70. Qh5+ Kf4 71. Kd5 Re3 72. Qh4+ 1-0

[Event "Titled Tuesday intern op 23rd Jan Early"]
[Site "Chess.com INT"]
[Date "2024.01.23"]
[Round "5"]
[White "Czerwonski, Aleksander"]
[Black "Gutierrez Carmona, Juan Alejandro"]
[Result "1-0"]
[WhiteElo "2299"]
[BlackElo "2095"]
[PlyCount "73"]
[EventDate "2024.01.23"]
[EventType "swiss (blitz)"]
[EventRounds "11"]
[EventCountry "USA"]
[SourceTitle "EXT 2025"]
[Source "ChessBase"]
[SourceDate "2024.10.14"]
[SourceVersion "1"]
[SourceVersionDate "2024.10.14"]
[SourceQuality "1"]

1. d4 d5 2. c4 e6 3. Nf3 Nf6 4. Bg5 Be7 5. e3 0-0 6. Nc3 c6 7. Qc2 h6 8. Bxf6 Bxf6 9. h4 Nd7 10. g4 g6 11. g5 hxg5 12. hxg5 Bg7 13. 0-0-0 b6 14. Bd3 Qe8 15. Rh2 Ba6 16. cxd5 Bxd3 17. Qxd3 exd5 18. Rdh1 Qe6 19. e4 Rfd8 20. e5 c5 21. Ne2 Rac8 22. Kb1 cxd4 23. Nexd4 Nxe5 24. Nxe6 Nxd3 25. Nxd8 Rxd8 26. b3 Nc5 27. Nd2 d4 28. f4 a5 29. Nc4 a4 30. Ne5 axb3 31. axb3 Nxb3 32. Ng4 d3 33. Nf6+ Kf8 34. Rb2 d2 35. Rd1 Rd3 36. Kc2 Rf3 37. Rxb3 1-0

[Event "Titled Tuesday intern op 23rd Jan Early"]
[Site "Chess.com INT"]
[Date "2024.01.23"]
[Round "4"]
[White "Czerwonski, Aleksander"]
[Black "Shymanskyi, Oleksandr"]
[Result "0-1"]
[WhiteElo "2299"]
[BlackElo "2284"]
[PlyCount "118"]
[EventDate "2024.01.23"]
[EventType "swiss (blitz)"]
[EventRounds "11"]
[EventCountry "USA"]
[SourceTitle "EXT 2025"]
[Source "ChessBase"]
[SourceDate "2024.10.14"]
[SourceVersion "1"]
[SourceVersionDate "2024.10.14"]
[SourceQuality "1"]

1. d4 Nf6 2. c4 e6 3. Nf3 d5 4. Bg5 Be7 5. e3 h6 6. Bxf6 Bxf6 7. Nc3 c6 8. Qd2 0-0 9. h4 Re8 10. g4 Nd7 11. g5 hxg5 12. hxg5 Bxg5 13. 0-0-0 e5 14. cxd5 exd4 15. Nxd4 cxd5 16. f4 Bf6 17. Bd3 Nc5 18. Bh7+ Kf8 19. Bc2 Be6 20. Nxe6+ fxe6 21. Bg6 Ke7 22. Bxe8 Qxe8 23. f5 Rc8 24. Kb1 Qc6 25. fxe6 Bxc3 26. Qxc3 Nxe6 27. Qa3+ Kd7 28. Rc1 Qb6 29. Rhd1 Rxc1+ 30. Rxc1 a6 31. Qc3 g5 32. a3 Kd6 33. Ka1 a5 34. Rd1 Qb5 35. Qd3 Qxd3 36. Rxd3 Ke5 37. Kb1 g4 38. Kc2 Ng5 39. Kd1 g3 40. Ke2 Kf5 41. Kf1 Kg4 42. Kg2 Nf3 43. Rxd5 Ne1+ 44. Kf1 g2+ 45. Kf2 Nc2 46. Kxg2 Nxe3+ 47. Kf2 Nxd5 48. Ke2 Kf4 49. Kd3 Ke5 50. Kc4 b6 51. Kb5 Kd4 52. Kc6 Kc4 53. b4 axb4 54. axb4 Kxb4 55. Kxd5 b5 56. Kd4 Kb3 57. Kd3 b4 58. Kd2 Ka2 59. Kc1 b3 0-1